000 00323nam a22001337a 4500
008 180131b xxu||||| |||| 00| 0 eng d
020 _a9780801880100
041 _aeng
080 _a821
100 _a21
101 _aGJL
245 _aThe Johns Hopkins Guide to Literary Theory & Criticism
_cGroden, M
942 _2udc
_cBK
999 _c41312
_d41312